00225nam a2200097Ia 4500008004100000041000800041082000900049100001600058245002800074260002500102231212s1986 xx 000 0 und d aeng a1.64 aAndrew W.G. aApplied Instrumentation aLondonbPitmanc1986